LEADER 01453nam0-2200409---450- 001 990000937930203316 005 20090824115136.0 010 $a88-387-2301-X 035 $a0093793 035 $aUSA010093793 035 $a(ALEPH)000093793USA01 035 $a0093793 100 $a20020201d2001----km-y0itay0103----ba 101 $aita 102 $aIT 105 $ay|||z|||001yy 200 1 $aGuida all'applicazione del testo unico delle leggi sull'ordinamento degli enti locali$elegge n. 388/2000 (finanziari 2001), legge n. 26/2001 (disposizioni urgenti enti locali), nuovo contratto dei segretari$fArturo Bianco 205 $a2. ed 210 $aRimini$cMaggioli$d2001 215 $a316 p.$d24 cm 225 2 $aProgetto ente locale$v111 410 0$12201$aProgetto ente locale$v111 606 $aEnti locali$yItalia$zLegislazione 676 $a342.450902632 700 1$aBIANCO,$bArturo$0434378 801 0$aIT$bsalbc$gISBD 912 $a990000937930203316 951 $aXXIV.3.F 127 (IG IV 1305 A)$b32538 G.$cXXIV.3.F 127 (IG IV)$d00080614 959 $aBK 969 $aGIU 979 $aCHIARA$b90$c20020201$lUSA01$h1300 979 $aCHIARA$b90$c20020204$lUSA01$h1100 979 $c20020403$lUSA01$h1736 979 $aPATRY$b90$c20040406$lUSA01$h1705 979 $aRSIAV4$b90$c20090824$lUSA01$h1151 996 $aGuida all'applicazione del testo unico delle leggi sull'ordinamento degli enti locali$9880926 997 $aUNISA LEADER 01298nam--2200469---450- 001 990002454050203316 005 20050721161554.0 010 $a88-430-3269-0 035 $a000245405 035 $aUSA01000245405 035 $a(ALEPH)000245405USA01 035 $a000245405 100 $a20050721d2005----km-y0itay0103----ba 101 $aita 102 $aIT 105 $a||||||||001yy 200 1 $aMicroeconometria$fMatteo Manera, Marzio Galeotti 210 $aRoma$cCarocci$d2005 215 $a189 p.$d22 cm 225 2 $aUniversità$v639 410 0$12001$aUniversità$v639 454 1$12001 461 1$1001-------$12001 606 0 $aMicroeconometria 676 $a338.5 700 1$aMANERA,$bMatteo$0146912 701 $aGALEOTTI,$bMarzio$0118671 801 0$aIT$bsalbc$gISBD 912 $a990002454050203316 951 $aII.5. 4143(XV B 1268)$b179640 L.M.$cXV B$d00123523 951 $a300 330.015195 MAN$b13186 DISES 959 $aBK 969 $aUMA 969 $aDISES 979 $aCOPAT1$b90$c20050721$lUSA01$h1613 979 $aCOPAT1$b90$c20050721$lUSA01$h1615 979 $c20121027$lUSA01$h1551 979 $c20121027$lUSA01$h1602 979 $c20121027$lUSA01$h1611 996 $aMicroeconometria$9758286 997 $aUNISA DEB $aUSA17046